Gia đình, trẻ em và sự kế thừa các giá trị truyền thống

Đã lưu trong:
Bibliografiske detaljer
Hovedforfatter: Đặng, Cảnh Khanh
Format: Bog
Sprog:Vietnamese
Udgivet: Hà Nội Lao động - Xã hội 2003
Fag:
Tags: Tilføj Tag
Ingen Tags, Vær først til at tagge denne postø!
Thư viện lưu trữ: Trung tâm Học liệu Lê Vũ Hùng, Trường Đại học Đồng Tháp
LEADER 00763aam a22002178a 4500
001 00028406
005 20171026081025.0
008 120328s2003 ||||||viesd
041 0 # |a vie 
082 1 4 |a 306.85  |b GI100Đ 
100 1 # |a Đặng, Cảnh Khanh 
245 1 0 |a Gia đình, trẻ em và sự kế thừa các giá trị truyền thống  |c Đặng Cảnh Khanh 
260 # # |c 2003  |a Hà Nội  |b Lao động - Xã hội 
300 # # |a 171tr.  |c 21cm. 
650 # 4 |a Gia đình  |z Việt Nam 
650 # 4 |a Trẻ em  |z Việt Nam 
653 # # |a Cha mẹ và con cái 
852 # # |b Kho đọc  |j KD.0013274 
852 # # |j KD.0013274 
910 |d 28/03/2012 
980 # # |a Trung tâm Học liệu Lê Vũ Hùng, Trường Đại học Đồng Tháp